The prisoner of Zenda
The hero of this classic swashbuckling romance, English gentleman Rudolf Rassendyll, is transported from a comfortable life in London to extraordinary adventures in Ruritania, a mythical land. Rassendyll bears an uncanny resemblance to Rudolf Elphberg, who is about to be crowned King of Ruritania; a...
Salvato in:
| Autore principale: | |
|---|---|
| Natura: | Libro |
| Lingua: | Undetermined |
| Pubblicazione: |
Đồng Nai
Nxb. Đồng Nai
2009
|
| Soggetti: | |
| Tags: |
Aggiungi Tag
Nessun Tag, puoi essere il primo ad aggiungerne! !
|
| Thư viện lưu trữ: | Trung tâm Học liệu Trường Đại học Cần Thơ |
|---|
| LEADER | 01313nam a2200217Ia 4500 | ||
|---|---|---|---|
| 001 | CTU_149413 | ||
| 008 | 210402s9999 xx 000 0 und d | ||
| 020 | |c 14000 | ||
| 082 | |a 823.9 | ||
| 082 | |b H791 | ||
| 100 | |a Hope, Anthony | ||
| 245 | 4 | |a The prisoner of Zenda | |
| 245 | 0 | |c Anthony Hope | |
| 260 | |a Đồng Nai | ||
| 260 | |b Nxb. Đồng Nai | ||
| 260 | |c 2009 | ||
| 520 | |a The hero of this classic swashbuckling romance, English gentleman Rudolf Rassendyll, is transported from a comfortable life in London to extraordinary adventures in Ruritania, a mythical land. Rassendyll bears an uncanny resemblance to Rudolf Elphberg, who is about to be crowned King of Ruritania; and when Elphberg's rival, the villainous Black Michael of Strelsau, attempts to seize power, Rassendyll impersonates the King to uphold the rightful sovereignty and ensure political stability. The redoubtable Rassendyll endures a trial of strength in his encounters with the infamous Rupert of Hentzau, and a quite different test as he grows to love the Princess Flavia. | ||
| 650 | |a English language,Adventures,Ngôn ngữ tiếng Anh,Phiêu lưu mạo hiểm | ||
| 650 | |x Readers,Người thích đọc sách | ||
| 904 | |i Trọng Hiếu | ||
| 980 | |a Trung tâm Học liệu Trường Đại học Cần Thơ | ||